000
00284nam a2200109Ia 4500
008
190919s9999||||xx |||||||||||||| ||und||
100
_a
Microsoft Corporation
245
0
_a
User's Guide Microsoft MS - DOS 6
260
_a
New Delhi
_b
Bantam Books
_c
2002
300
_a
592
942
_c
BK
999
_c
10994
_d
10994